=LDR 00000nam 2200000 4500 =001 INLIS000000000049118 =990 ##$$a 21602625 =005 20200313083753 =990 ##$$a 21602626 =035 ##$$a 0010-011700000000399 =990 ##$$a 21602627 =008 200313################g##########0#ind## =990 ##$$a 21602628 =020 ##$$a 978-979-1093-37-8 =990 ##$$a 21602629 =040 ##$$a NBPDMAT =082 ##$$a 297.9 =090 ##$$a 297.9 $bAli m =100 ##$$a Ali Muhammad Ash-Shalabi =245 1#$$a Muhammad Al-Fatih : $b Sang penakluk /$c Ali Muhammad Ash-Shalabi; Penerjemah Muhammad Isa Anshory; Editror Abu Ibrahim =250 ##$$a Cet. 2 =260 ##$$a Solo :$b Al-Wafi,$c 2016 =300 ##$$a 361 : $b Ilus ; $c 14 x 20, 5 cm =650 #4$$a Sejarah Islam =850 ##$$a NBPDMAT =084 ##$$a 297.9 ALI m =504 ##$$a Bibliografi hlm : 357 - 361 =990 ##$$a 21602625 =990 ##$$a 21602626 =990 ##$$a 21602627 =990 ##$$a 21602628 =990 ##$$a 21602629 =990 ##$$a 21602625 =990 ##$$a 21602626 =990 ##$$a 21602627 =990 ##$$a 21602628 =990 ##$$a 21602629 =990 ##$$a 21602627 =990 ##$$a 21602625 =990 ##$$a 21602626 =990 ##$$a 21602628 =990 ##$$a 21602629